The meaning of modern business : An introduction to the philosophy of large corporate enterprise
This book has been written as an introduction to the philosophy of a great institution - the modern business corporation. Such a philosophy, when finally matured, will make the corporation more comprehensible and provide norms for corporate performance in a society that relies so heavily upon this r...
Bewaard in:
| Hoofdauteur: | |
|---|---|
| Formaat: | Boek |
| Taal: | Undetermined |
| Gepubliceerd in: |
New York
Columbia Unvi. Press
1960
|
| Onderwerpen: | |
| Tags: |
Voeg label toe
Geen labels, Wees de eerste die dit record labelt!
|
| Thư viện lưu trữ: | Trung tâm Học liệu Trường Đại học Cần Thơ |
|---|
| LEADER | 00941nam a2200205Ia 4500 | ||
|---|---|---|---|
| 001 | CTU_219673 | ||
| 008 | 210402s9999 xx 000 0 und d | ||
| 082 | |a 338.74 | ||
| 082 | |b E26 | ||
| 100 | |a Eells, Richard | ||
| 245 | 4 | |a The meaning of modern business : | |
| 245 | 3 | |b An introduction to the philosophy of large corporate enterprise | |
| 245 | 0 | |c Richard Eells | |
| 260 | |a New York | ||
| 260 | |b Columbia Unvi. Press | ||
| 260 | |c 1960 | ||
| 520 | |a This book has been written as an introduction to the philosophy of a great institution - the modern business corporation. Such a philosophy, when finally matured, will make the corporation more comprehensible and provide norms for corporate performance in a society that relies so heavily upon this remarkable organizational instrument. | ||
| 650 | |a Corporations,Tổng công ty | ||
| 904 | |i Khánh Ngân, Trúc | ||
| 980 | |a Trung tâm Học liệu Trường Đại học Cần Thơ | ||